000 00683nam a22002057a 4500
003 NALT
005 20251029091116.0
008 s2524 th tha d
040 _aNALT
041 _atha
050 _aHB 53
_bศ68 2524
100 0 _aเศรษฐสยาม
_926021
245 1 0 _aการผูกขาดเศรษฐกิจไทย /
_cเศรษฐสยาม.
250 _aพิมพ์ครั้งที่ 2
260 _aกรุงเทพฯ :
_bปุยฝ้าย,
_c2524.
300 _a403 หน้า ;
_c19 ซม.
651 4 _aไทย
_xภาวะเศรษฐกิจ
_93477
850 _aNALT
942 _cGB
_2lcc
999 _c3926
_d3926
998 _j4612
_k นางสาววัลยา พุ่มต้นวงค์